F1 Drivers 2025 - Sudden Death - Statistics

General Stats
  • This quiz has been taken 454 times
  • The average score is 7 of 9
Answers on the Grid
Answers color-coded by a green-red scale on the quiz's grid according to % correct below.
Franco Colapinto
Yuki Tsunoda
Daniel Riccardo
Pierre Gasly
Nico Hulkenburg
Kevin Magnussen
Zhou GuanYu
Liam Lawson
Jack Doohan
Valtteri Bottas
Kimi Antonelli
Max Verstappen
Jenson Button
Gabriel Bortoletto
Jos Verstappen
 
Answer Stats
Answer % Correct
Yuki Tsunoda
87%
Pierre Gasly
82%
Nico Hulkenburg
79%
Franco Colapinto
78%
Max Verstappen
77%
Kimi Antonelli
75%
Liam Lawson
75%
Gabriel Bortoletto
68%
Jack Doohan
63%
No matching quizzes found
Score Distribution
Percent of People with Each Score
Percentile by Number Answered
Your Score History
You have not taken this quiz